000 00290nam a22001337a 4500
008 170426b xxu||||| |||| 00| 0 eng d
020 _a9781118933886
041 _aeng
080 _22ND
_a547
100 _a12
101 _aSHM
245 _aORGANIC CHEMISTRY
_cKLEIN, D
942 _2udc
_cBK
999 _c12155
_d12155